000 00350nam a2200133Ia 4500
005 20260328104324.0
008 260328s9999||||xx |||||||||||||| ||und||
100 _aJodidio, Philip
245 0 _aOscar Niemeyer 1907-2012 :
_b el Alba Pasada y Futura /
_cPhilip Jodidio
260 _bTaschen
300 _a96 p.
650 _aARQUITECTOS
942 _cBK
999 _c11453
_d11453